Специфіка відносин державних органів влади з релігійними організаціями у Чернівецькій області (1991-2010 рр.) (Запис № 574102)

МАРК-запис
000 -Лідер
fixed length control field 03356nam a22002537a 4500
001 - Контрольний номер
control field 216223632
003 - Ідентифікатор контрольного номера
control field UA-OsUOA
005 - Дата та час останнього входження (трансакції)
control field 20230405104851.0
008 - Елементи даних фіксованої довжини – загальна інформація
fixed length control field 230405b un ||||| |||| 00| 0 ukr d
040 ## - Джерело каталогізації
Агенція оригінальної каталогізації UA-OsUOA
Мова каталогізації ukr
Агенція, яка здійснювала перезапис UA-OsUOA
Агенція, яка здійснювала модифікацію UA-OsUOA
041 ## - Код мови
Код мови тексту/ звукової доріжки чи окремого заголовка (П) ukr
080 ## - Індекс Універсальної десяткової класифікації
Індекс Універсальної десяткової класифікації (УДК) (НП) [2-67+322](477.85)"1991/2010"
090 ## - Локальний шифр розміщення
Класифікаційний індекс УДК [2-67+322](477.85)"1991/2010"
095 ## - Код спеціальності для авторефератів
Код спеціальності 09.00.11
Назва спеціальності релігієзнавство
100 ## - Основне введення – ім’я особи
Ім’я особи (НП) Луцан І.В.
245 ## - Відомості про назву
Назва (НП) Специфіка відносин державних органів влади з релігійними організаціями у Чернівецькій області (1991-2010 рр.)
Дані про відповідальність (НП) Луцан Ігор Васильович; наук. керівник Балух Василь Олексійович
260 ## - Публікація, розповсюдження і т.п. (Вихідні дані)
Місце публікації, розповсюдження і т.п. (П) Острог
Дата публікації, розповсюдження і т.п. (П) 2017
300 ## - Фізичний опис
Обсяг 20 с.
502 ## - Примітка про дисертацію
Зв'язок Автореферат дисертації на здобуття наукового ступеня кандидата історичних наук<br/>
Наймення інституції, що представляється Національний університет "Острозька академія"
Рік отримання вченого ступеня 2017
520 ## - Резюме і т.п.
Резюме, реферат, анотація, тощо (НП) Дисертація є цілісним історико-релігієзнавчим дослідженням, у якому проаналізовано зміст і характер відносин державних органів влади з релігійними організаціями у Чернівецькій області впродовж 1991-2010 рр.<br/>На основі джерельної бази та наявної історіографії аналізуються ферми та методи релігійної політики місцевих структур щодо релігії та Церкви на регіональному рівні, яка відзначалася як системними порушеннями у правовому полі, адже призводила до конфліктних ситуацій та ускладнень у суспільному житті загалом і церковному зокрема, так і засвідчувала якісно інший рівень стратегії розвитку релігійного середовища, адже намагалася опиратися на імператив толерантності.<br/>Особливу увагу присвячено розгляд}' релігійної мережі Чернівецької області, її стану і динаміки за такими показниками: кількісний склад організацій/громад, матеріальна база, кадровий потенціал, навчально-просвітницька діяльність, видавнича справа.<br/>Окремо розглянуто напрями духовно-просвітницької діяльності і соціального служіння релігійних організацій області та визначено ключові детермінанти розширення їхньої інфраструктури і сфер впливу на суспільно-політичне та духовно- культурне життя краю.
650 ## - Додаткове предметне введення – тематичний термін
Джерело заголовка чи терміна UDC
Тематичний термін чи географічна назва, як елемент введення (НП) 2 Релігія
942 ## - Додаткові елементи входу (Коха)
Source of classification or shelving scheme Universal Decimal Classification
Тип елемента Koha Автореферат
955 ## - Код типу видання за змістом
Код типу видання за змістом (НП) Наукові видання

Немає доступних примірників.